|
|
|
|
| LEADER |
00000nas a2200000 4500 |
| 001 |
ssj0000262 |
| 003 |
WaSeSS |
| 005 |
20200512172242.0 |
| 006 |
m d |
| 007 |
cr n |
| 008 |
760304d19672015mdubr p s 0 a0eng |
| 010 |
|
|
|a 75649192
|
| 016 |
7 |
|
|a F15270000
|2 DNLM
|
| 016 |
7 |
|
|a 008538524
|2 Uk
|
| 016 |
|
|
|a (AMICUS)000000106841
|
| 022 |
|
|
|l 0016-3317
|y 0016-3317
|
| 030 |
|
|
|a FUTUAC
|
| 032 |
|
|
|a 853060
|b USPS
|
| 035 |
|
|
|a (WaSeSS)ssj0000262
|
| 037 |
|
|
|b World Future Society, 4916 Saint Elmo Avenue, Bethesda, MD 20814
|
| 040 |
|
|
|a DLC
|b eng
|c DLC
|d NSD
|d OCL
|d NST
|d RCS
|d AIP
|d NST
|d AIP
|d NSD
|d AIP
|d OCL
|d AIP
|d OCL
|d NST
|d OCL
|d NSD
|d NST
|d NSD
|d IUL
|d NYP
|d IUL
|d OCL
|d OCLCQ
|d CDS
|d NLGGC
|d LVB
|d NYDWH
|d HIL
|d OCLCQ
|d UKMGB
|d OCLCQ
|d OCLCF
|d OCLCO
|d BEDGE
|d OCLCO
|d OVY
|d OCLCO
|d ZYU
|d OCLCO
|d RDF
|d OCLCO
|d MYNLM
|d OCLCQ
|d OCLCO
|d LIP
|d XFH
|d OCLCQ
|d IBO
|d CSA
|d ZAS
|d NLC
|d TFW
|d CSJ
|d OCLCO
|d OCLCQ
|d OKS
|d OCLCO
|d ZAP
|d OCLCO
|d OCLCQ
|d OCLCO
|d GILDS
|d OCLCO
|d KFH
|d OCLCO
|d CNO
|d OCLCO
|d CCH
|d CSO
|d CRU
|d CPO
|d OCLCO
|d HTM
|d OCLCO
|d OCLCA
|d CUI
|d OCLCO
|d CBA
|d OCLCO
|d AU@
|d WaSeSS
|
| 042 |
|
|
|a pcc
|a nsdp
|
| 050 |
0 |
0 |
|a CB158
|b .F88
|
| 050 |
1 |
4 |
|a H1
|b .F87
|
| 082 |
0 |
4 |
|a 905
|
| 210 |
0 |
|
|a Futurist
|
| 222 |
|
4 |
|a The Futurist
|
| 245 |
0 |
4 |
|a The Futurist
|h [electronic resource].
|
| 260 |
|
|
|a [Bethesda, Md., etc.]
|b World Future Society]
|
| 310 |
|
|
|a Bimonthly,
|b <Nov.-Dec. 2000->
|
| 321 |
|
|
|a Bimonthly,
|b -Jan. 1998
|
| 321 |
|
|
|a Monthly (except bimonthly June/July and Aug./Sept.),
|b Mar. 1998-
|
| 362 |
0 |
|
|a v. 1- Feb. 1967-
|
| 362 |
1 |
|
|a Ceased with: Vol. 49, no. 1 (summer 2015)?
|
| 506 |
|
|
|a License restrictions may limit access.
|
| 515 |
|
|
|a Vol. 1, no. 1 preceded by an unnumbered issue dated July 1, 1966.
|
| 555 |
|
|
|a Vols. 1-3, 1967-69, with v. 3.
|
| 580 |
|
|
|a Physical version ceased in summer 2015; expected to be reconfigured as an electronic integrating resource in late 2016.
|
| 588 |
|
|
|a Latest issue consulted: Vol. 49, no. 1 (summer 2015) (surrogate).
|
| 610 |
2 |
0 |
|a World Future Society
|v Periodicals.
|
| 610 |
2 |
7 |
|a World Future Society.
|2 fast
|0 (OCoLC)fst00535730
|
| 610 |
2 |
6 |
|a World Future Society
|v Périodiques.
|
| 610 |
2 |
2 |
|a World Future Society.
|
| 610 |
2 |
2 |
|a World Future Society
|v Periodicals.
|
| 650 |
|
0 |
|a Forecasting
|v Periodicals.
|
| 650 |
|
7 |
|a Prévisions.
|2 eclas
|
| 650 |
|
7 |
|a Mensuels.
|2 eclas
|
| 650 |
|
7 |
|a Forecasting.
|2 fast
|0 (OCoLC)fst00931721
|
| 650 |
1 |
7 |
|a Toekomstverwachtingen.
|2 gtt
|
| 650 |
1 |
7 |
|a FUTURE STUDIES.
|2 unbist
|
| 650 |
1 |
7 |
|a TWENTY-FIRST CENTURY.
|2 unbist
|
| 650 |
|
6 |
|a Prévision
|v Périodiques.
|
| 650 |
|
2 |
|a Forecasting
|v Periodicals.
|
| 655 |
|
0 |
|a Electronic journals.
|
| 710 |
2 |
|
|a World Future Society.
|
| 730 |
0 |
|
|a FutureTimes.
|
| 770 |
0 |
|
|t FutureTimes
|w (DLC)sn 97044633
|w (OCoLC)38095561
|
| 776 |
0 |
8 |
|i Microfilm version:
|t Futurist
|x 0016-3317
|w (DLC)sn 93033302
|w (OCoLC)7440118
|
| 776 |
0 |
8 |
|i Microfilm version:
|t Futurist
|x 0016-3317
|w (DLC) 75649192
|w (OCoLC)34053139
|
| 776 |
0 |
8 |
|i Microfiche version:
|t Futurist
|x 0016-3317
|w (OCoLC)8855274
|
| 850 |
|
|
|a CU-Riv
|a CaMWP
|a CaNSH
|a CaNSTT
|a CaOTDT
|a DLC
|a InU
|a MH-KG
|a MMeT
|a NNStJ
|a OU
|a TxU
|
| 853 |
2 |
0 |
|8 1
|a v.
|b no.
|u 6
|v r
|i (year)
|j (month/month)
|w b
|x 01/02
|
| 856 |
4 |
0 |
|z Full text available from Research Library: 01/01/1988 to 07/31/2015
|u https://search.proquest.com/publication/47758
|
| 863 |
4 |
1 |
|8 1.1
|a <36>
|b <1>
|i <2002>
|j <01/02>
|